000 00280nam a22001217a 4500
008 180131b xxu||||| |||| 00| 0 eng d
041 _aeng
080 _24 ED
_a54
100 _a12
101 _aKIM
245 _aHANDBOOK CHEMISTRY AND PHYSIC
_cCHARLEES.D.H
942 _2udc
_cBK
999 _c41408
_d41408